Función y naturaleza del endeudamiento externo en Colombia / (Registro nro. 5675)

Detalles MARC
000 -LEADER
fixed length control field 00954nam a2200229Ia 4500
003 - CONTROL NUMBER IDENTIFIER
control field OSt
005 - DATE AND TIME OF LATEST TRANSACTION
control field 20200707104930.0
008 - FIXED-LENGTH DATA ELEMENTS--GENERAL INFORMATION
fixed length control field 191128s1973 ck fr 000 0 spa d
040 ## - CATALOGING SOURCE
Original cataloging agency CO-JMCR
Transcribing agency CO-JMCR
041 0# - LANGUAGE CODE
Language code of text/sound track or separate title spa
082 04 - DEWEY DECIMAL CLASSIFICATION NUMBER
Classification number 336.343 /
Item number I431f
Edition number 23
100 1# - MAIN ENTRY--PERSONAL NAME
Personal name Infante Villareal, Arturo,
Relator term autor
9 (RLIN) 6758
245 10 - TITLE STATEMENT
Title Función y naturaleza del endeudamiento externo en Colombia /
Statement of responsibility, etc. Arturo Infante Villareal
260 ## - PUBLICATION, DISTRIBUTION, ETC.
Place of publication, distribution, etc. Bogotá :
Name of publisher, distributor, etc. Universidad de los Andes,
Date of publication, distribution, etc. 1973
300 ## - PHYSICAL DESCRIPTION
Extent 47 páginas ;
Dimensions 22 cm.
490 0# - SERIES STATEMENT
Series statement Cuadernos de Ciencia Política ;
Volume/sequential designation 3
505 0# - FORMATTED CONTENTS NOTE
Formatted contents note Las importaciones de un país -- Las importaciones de Colombia -- Las exportaciones en Colombia -- La capacidad corriente para importar de Colombia -- La financiación de las importaciones colombianas -- La naturaleza del crédito externo
650 14 - SUBJECT ADDED ENTRY--TOPICAL TERM
Topical term or geographic name entry element Deuda externa
9 (RLIN) 6752
650 14 - SUBJECT ADDED ENTRY--TOPICAL TERM
Topical term or geographic name entry element Deuda pública externa
9 (RLIN) 6759
650 14 - SUBJECT ADDED ENTRY--TOPICAL TERM
Topical term or geographic name entry element Endeudamiento
9 (RLIN) 6760
942 ## - ADDED ENTRY ELEMENTS (KOHA)
Source of classification or shelving scheme Dewey Decimal Classification
Koha item type Books
Existencias
Withdrawn status Lost status Source of classification or shelving scheme Damaged status Not for loan Collection code Home library Current library Date acquired Source of acquisition Full call number Barcode Date last seen Copy number Koha item type
    Dewey Decimal Classification     Non-fiction Biblioteca Pública José María del Castillo y Rada Biblioteca Pública José María del Castillo y Rada 04/15/2018 Donación 336.343 / I431f 430003528 05/16/2024 Ej.1 Books